Fr. Conceicao Rodrigues College of Engineering

Electronic devices and circuits (Record no. 22847)

MARC details
000 -LEADER
fixed length control field 00334nam a2200169Ia 4500
082 ## - DEWEY DECIMAL CLASSIFICATION NUMBER
Item number ALL
100 ## - MAIN ENTRY--PERSONAL NAME
Personal name Allen/Mottershead
245 ## - TITLE STATEMENT
Title Electronic devices and circuits
260 ## - PUBLICATION, DISTRIBUTION, ETC.
Name of publisher, distributor, etc. prentice hall
Date of publication, distribution, etc. 2017
366 ## - TRADE AVAILABILITY INFORMATION
Publishers's discount category 25
300 ## - PHYSICAL DESCRIPTION
Extent 641
546 ## - LANGUAGE NOTE
Language note ENGLISH
650 ## - SUBJECT ADDED ENTRY--TOPICAL TERM
Topical term or geographic name entry element EDC
654 ## - SUBJECT ADDED ENTRY--FACETED TOPICAL TERMS
Focus term EDC
942 ## - ADDED ENTRY ELEMENTS (KOHA)
Koha item type BOOK
Holdings
Withdrawn status Lost status Damaged status Not for loan Collection Home library Current library Date acquired Source of acquisition Cost, normal purchase price Inventory number Total Checkouts Full call number Barcode Date last seen Date last checked out Cost, replacement price Price effective from Koha item type
        CRC Fr. Agnel's C.Rodrigues College of Engineering AGNEL TECHNICAL COLLEGE LIBRARY 17/03/2023 Allied Publisher 318.75 893 dt 09.01.2018 1 ALL 25121 16/04/2025 16/04/2025 425.00   BOOK